Thyrotropin versus thyroid hormone in regulating bone density and turnover in premenopausal women

Problém osteoporózy u žien v období pred menopauzou. Liečba medikamentami verzus liečba hormónmi. Predmet výskumu, metódy, výsledky, závery.

Enregistré dans:
Détails bibliographiques
Auteur principal: Baqi, L.
Autres auteurs: Payer, Juraj, Killinger, Z., Hrúziková, P., Čierny, D., Sušienková, Katarína, 1967-, Langer, P.
Format: Chapitre de livre
Langue:anglais
Sujets:
Tags: Ajouter un tag
Pas de tags, Soyez le premier à ajouter un tag!

MARC

LEADER 00000naa a2200000 4500
001 0120196
005 20240502072338.6
041 0 |a eng 
044 |a SK 
245 1 0 |a Thyrotropin versus thyroid hormone in regulating bone density and turnover in premenopausal women  |c L. Baqi, Juraj Payer, Z. Killinger, P. Hrúziková, D. Čierny, Katarína Sušienková, P. Langer 
520 |a Problém osteoporózy u žien v období pred menopauzou. Liečba medikamentami verzus liečba hormónmi. Predmet výskumu, metódy, výsledky, závery. 
610 2 0 |a zdravie 
610 2 0 |a ženy 
610 2 0 |a liečivá 
610 2 0 |a výskum 
610 2 0 |a metódy 
100 1 |a Baqi, L. 
700 1 |a Payer, Juraj 
700 1 |a Killinger, Z. 
700 1 |a Hrúziková, P. 
700 1 |a Čierny, D. 
700 1 |a Sušienková, Katarína, 1967- 
700 1 |a Langer, P.